| 000 | 00428nam a22001457a 4500 | ||
|---|---|---|---|
| 008 | 090215t xxu||||| |||| 00| 0 eng d | ||
| 020 | _a8126116315 | ||
| 082 | 0 | 4 |
_a658.4038011 _bMEH _222 |
| 245 |
_aManagement Information System/ _cBy Versha Mehta, A. S. Sudan & Sudhir Dawra |
||
| 260 |
_aNew Delhi: _bAnmol Publications, _c2003 |
||
| 300 |
_a447p.; _c22 cm. |
||
| 500 | _aIncludes index | ||
| 651 | _2BUEsh | ||
| 942 |
_2ddc _cARCH |
||
| 999 |
_c10843 _d10843 |
||